[Event "Botvinnik Cup 2018"]
[Site "Moscow"]
[Date "2018.08.14"]
[Round "7"]
[White "Komliakov, Viktor"]
[Black "Garifullina, Leya"]
[Result "1/2-1/2"]
[WhiteElo "2366"]
[BlackElo "2106"]
[Annotator "NA"]
[PlyCount "49"]
[EventDate "2018.08.10"]
[EventCountry "RUS"]
[SourceTitle "playchess.com"]
[Source "ChessBase"]
[SourceQuality "1"]
[TimeControl "5400+30"]

1. e4 {[%emt 0:00:00]} e6 {[%emt 0:00:27]} 2. d4 {[%emt 0:00:00]} d5 {[%emt 0:01:24]} 3. Nc3 {[%emt 0:00:07]} Bb4 {[%emt 0:01:13]} 4. exd5 {[%emt 0:00:41]} exd5 {[%emt 0:01:10]} 5. Qf3 {[%emt 0:00:57]} Ne7 {[%emt 0:05:19]} 6. Bd3 {[%emt 0:01:25]} Nbc6 {[%emt 0:01:30]} 7. Nge2 {[%emt 0:01:05]} Be6 $11 {[%emt 0:04:43]} 8. a3 {[%emt 0:15:14]} Bxc3+ {[%emt 0:03:00]} 9. bxc3 {[%emt 0:00:21]} Qd7 {[%emt 0:03:21]} 10. O-O {[%emt 0:04:25]} Bf5 {[%emt 0:04:06]} 11. Bf4 {[%emt 0:02:23]} O-O-O {[%emt 0:05:27]} 12. a4 {[%emt 0:03:45]} h5 {[%emt 0:05:20]} 13. a5 {[%emt 0:01:08]} Bxd3 {[%emt 0:02:08]} 14. cxd3 {[%emt 0:00:47]} Qg4 {[%emt 0:03:49]} 15. Qxg4+ {[%emt 0:14:30]} hxg4 {[%emt 0:00:08]} 16. a6 {[%emt 0:02:01]} b6 {[%emt 0:02:57]} 17. f3 {[%emt 0:00:28]} gxf3 {[%emt 0:01:50]} 18. Rxf3 {[%emt 0:00:03]} f6 {[%emt 0:02:37]} 19. Bd2 {[%emt 0:05:19]} Kd7 {[%emt 0:01:39]} 20. Re1 {[%emt 0:04:28]} Rde8 {[%emt 0:03:47]} 21. Nf4 {[%emt 0:03:55]} Rh7 {[%emt 0:10:13]} 22. h3 {[%emt 0:03:03]} g5 {[%emt 0:03:22]} 23. Ne2 {[%emt 0:00:14]} Ng8 {[%emt 0:00:58]} 24. Kf2 {[%emt 0:00:41]} Rh4 {[%emt 0:02:40]} 25. Ra1 {[%emt 0:01:21]} 1/2-1/2

[Event "Botvinnik Cup 2018"]
[Site "Moscow"]
[Date "2018.08.14"]
[Round "7"]
[White "Ahmadzada, Ahmad"]
[Black "Khusnutdinov, Rustam"]
[Result "0-1"]
[WhiteElo "2342"]
[BlackElo "2470"]
[Annotator "TA"]
[PlyCount "94"]
[EventDate "2018.08.10"]
[EventCountry "RUS"]
[SourceTitle "playchess.com"]
[Source "ChessBase"]
[SourceQuality "1"]

{[%evp 23,94,47,54,8,14,-9,0,-63,-63,-74,-63,-66,-57,-69,-63,-62,-14,-141,-139,-125,-139,-126,-127,-219,-214,-216,-216,-212,-214,-247,-205,-212,-186,-200,-199,-215,-190,-200,-165,-164,-181,-172,-180,-186,-187,-193,-161,-286,-277,-258,-266,-275,-233,-346,-337,-29976,-1481,-1143,-820,-654,-164,-163,-173,-796,-796,-650,-589,-377,-377,-29975,-29976,-29973,-29974]} 1. e4 c6 2. d4 d5 3. Nd2 dxe4 4. Nxe4 Bf5 5. Ng3 Bg6 6. N1e2 e6 7. Nf4 Bd6 8. Bc4 Nf6 9. c3 Nd5 {B18: Classical Caro-Kann: 4...Bf5 sidelines} (9... Qc7 10. Qf3 Nbd7 11. h4 c5 12. dxc5 Qxc5 13. Qe2 Rc8 14. Bb3 Qc7 15. h5 Bxf4 16. Bxf4 Qxf4 17. hxg6 {½-½ (77) Harikrishna,P (2753)-Navara,D (2734) Huaian 2016}) 10. Nxg6 hxg6 11. Ne4 Be7 12. Qf3 Nd7 {LiveBook: 4 Games} 13. h4 N7b6 14. Bd3 $146 ({Predecessor:} 14. Bb3 f5 15. Nc5 Bxc5 16. dxc5 Nd7 17. Qg3 Nxc5 18. Qxg6+ {1-0 (64) Liascovich,L (2478)-Slipak,S (2452) Saenz Pena 2014}) 14... Rxh4 15. g3 ({Better is} 15. Rxh4 $11 Bxh4 16. Bd2) 15... Rxh1+ $15 16. Qxh1 f5 17. Nd2 Bf6 18. Nf3 Kf7 $36 {[%mdl 2048] Black fights for an advantage.} 19. Bd2 Na4 {[%cal Bb6a4,Ba4b2,Bb2c4][%mdl 32]} (19... c5 $5 20. Kf1 cxd4 21. cxd4 Rc8 $17) 20. Bc2 (20. Rb1 $11 {keeps the balance.}) 20... Nxb2 $17 21. Rb1 Nc4 $1 ({Much worse is} 21... Qb6 $6 22. Bc1 $11) 22. Rxb7+ Kg8 23. Rb3 {[#]} (23. Qf1 $17 {was necessary.} Ndb6 24. Qe2) 23... c5 $1 $19 {[%mdl 512]} 24. Qf1 (24. dxc5 Nxd2) 24... Nxd2 25. Nxd2 cxd4 26. cxd4 Bxd4 27. Qe2 Qd7 28. Nf3 Bf6 29. Kf1 Rc8 30. Rd3 Rc3 31. Rd1 Kh7 32. Bb3 Qc6 33. Kg2 g5 34. Bxd5 exd5 {[%cal Be6d5,Bd5d4][%mdl 32]} 35. Nd4 (35. Ne5 $142 Bxe5 36. Qxe5) 35... Bxd4 $1 36. Rxd4 {[%mdl 4096] Endgame KQR-KQR} Rc4 37. Qh5+ Kg8 38. Rd1 (38. Rd2 $142) 38... d4+ 39. f3 $2 (39. Qf3 $19 Qxf3+ 40. Kxf3) 39... g4 (39... Rc2+ $142 40. Kg1 d3 41. Rf1 g4 42. Qg5 gxf3 43. Qd8+ Kf7 44. Qh4 Rg2+ 45. Kh1 f2 46. Qc4+ Qxc4 47. Kxg2 Qxa2 48. g4 d2 49. gxf5 Qd5+ 50. Kg3 Qxf5 51. Kg2 a5 52. Ra1 {[#]} f1=Q+ $1 {[%mdl 512]} 53. Rxf1 Qxf1+ $1 {[%mdl 512]} 54. Kxf1 d1=Q+ 55. Kg2 Qe2+ 56. Kg3 a4 57. Kf4 Kg6 58. Kg3 Kg5 59. Kh3 Kf4 60. Kh4 Qh2#) 40. Qxf5 Rc2+ 41. Kf1 Qxf3+ $2 (41... Rc3 42. Qxg4 Rxf3+ 43. Kg1 d3) 42. Qxf3 gxf3 43. Rxd4 $2 (43. a3) 43... Rxa2 {KR-KR} 44. Rd6 Kh7 45. g4 a5 {[%cal Ba7a5,Ba5a4,Ba4a3][%mdl 32] Hoping for ...a4.} 46. Ra6 $2 (46. Rd3 $19) 46... a4 47. Ra5 a3 {Precision: White = 35%, Black = 70%.} 0-1

[Event "Botvinnik Cup 2018"]
[Site "Moscow"]
[Date "2018.08.14"]
[Round "7"]
[White "Egin, Vladimir"]
[Black "Kuliyev, Emin"]
[Result "1/2-1/2"]
[WhiteElo "2317"]
[BlackElo "1641"]
[Annotator "NA"]
[PlyCount "72"]
[EventDate "2018.08.10"]
[EventCountry "RUS"]
[SourceTitle "playchess.com"]
[Source "ChessBase"]
[SourceQuality "1"]
[TimeControl "5400+30"]

1. e4 {[%emt 0:00:00]} c6 {[%emt 0:00:00]} 2. d4 {[%emt 0:00:00]} d5 {[%emt 0:00:00]} 3. exd5 {[%emt 0:00:00]} cxd5 {[%emt 0:00:00]} 4. c4 {[%emt 0:00:00]} Nf6 {[%emt 0:00:00]} 5. Nc3 {[%emt 0:00:00]} Nc6 {[%emt 0:00:00]} 6. Nf3 {[%emt 0:00:08]} Bg4 {[%emt 0:00:00]} 7. cxd5 {[%emt 0:00:09]} Nxd5 {[%emt 0:00:00]} 8. Qb3 {[%emt 0:00:04]} Bxf3 {[%emt 0:00:45]} 9. gxf3 {[%emt 0:00:09]} e6 {[%emt 0:00:27]} 10. Qxb7 {[%emt 0:00:53]} Nxd4 {[%emt 0:00:03]} 11. Bb5+ {[%emt 0:00:05]} Nxb5 {[%emt 0:00:04]} 12. Qc6+ {[%emt 0:00:02]} Ke7 {[%emt 0:00:12]} 13. Qxb5 {[%emt 0:00:11]} Qd7 {[%emt 0:00:37]} 14. Nxd5+ {[%emt 0:00:06]} Qxd5 {[%emt 0:01:08]} 15. Bg5+ {[%emt 0:00:14]} f6 {[%emt 0:00:24]} 16. Qxd5 {[%emt 0:00:03]} exd5 {[%emt 0:00:03]} 17. Be3 {[%emt 0:00:02]} Ke6 {[%emt 0:12:49]} 18. O-O-O {[%emt 0:00:04]} Bb4 {[%emt 0:01:58]} 19. a3 {[%emt 0:00:03] LiveBook: 75 Games} Ba5 {[%emt 0:00:12] B13: Caro-Kann (Abtausch-Variante 4.c4)} 20. b4 {[%emt 0:00:23]} Bb6 {[%emt 0:00:24]} 21. Rhe1 {[%emt 0:00:07] [#]} Kf7 $146 {[%emt 0:50:22]} 22. Rxd5 {[%emt 0:06:33]} Rac8+ {[%emt 0:06:29]} 23. Kb2 {[%emt 0:00:45]} Rhe8 {[%emt 0:01:05]} 24. Rd7+ {[%emt 0:07:41]} Kf8 {[%emt 0:01:58]} 25. Rdd1 {[%emt 0:03:27]} Rc4 {[%emt 0:08:24]} 26. Bxb6 {[%emt 0:05:10]} axb6 {[%emt 0:00:08]} 27. Rxe8+ {[%emt 0:02:48]} Kxe8 {[%emt 0:00:03]} 28. Kb3 {[%emt 0:08:57]} Rh4 {[%emt 0:04:12]} 29. a4 {[%emt 0:04:41]} Rxh2 {[%emt 0:01:40]} 30. a5 {[%emt 0:00:41]} bxa5 {[%emt 0:00:05]} 31. bxa5 {[%emt 0:00:01]} Rxf2 {[%emt 0:00:16]} 32. a6 {[%emt 0:00:44]} Rxf3+ {[%emt 0:00:19]} 33. Kb4 $18 {[%emt 0:08:44]} (33. Ka4 $142 Rf4+ 34. Ka5 Rf5+ 35. Kb6) 33... Rf2 {[%emt 0:00:41]} 34. Rd3 {[%emt 0:03:10]} Rc2 {[%emt 0:06:39]} 35. Rc3 {[%emt 0:00:13]} Ra2 {[%emt 0:00:49]} 36. Ra3 {[%emt 0:00:15]} Rb2+ {[%emt 0:00:18]} 1/2-1/2

[Event "Botvinnik Cup 2018"]
[Site "Moscow"]
[Date "2018.08.14"]
[Round "7"]
[White "Egin, Vladimir"]
[Black "Batyrowa, Merjen"]
[Result "1-0"]
[WhiteElo "2317"]
[BlackElo "1555"]
[Annotator "NA"]
[PlyCount "85"]
[EventDate "2018.08.10"]
[EventCountry "RUS"]
[SourceTitle "playchess.com"]
[Source "ChessBase"]
[SourceQuality "1"]
[TimeControl "5400+30"]

1. e4 {[%emt 0:00:00]} e6 {[%emt 0:00:00]} 2. d4 d5 {[%emt 0:00:00]} 3. Nd2 {[%emt 0:00:05]} c5 {[%emt 0:00:03]} 4. exd5 {[%emt 0:00:06]} exd5 {[%emt 0:00:05]} 5. Ngf3 Nf6 6. Bb5+ {[%emt 0:00:09]} Bd7 {[%emt 0:00:22]} 7. Bxd7+ {[%emt 0:00:03]} Nbxd7 {[%emt 0:00:21]} 8. O-O Be7 9. dxc5 {[%emt 0:00:48]} Nxc5 {[%emt 0:01:02]} 10. Re1 {[%emt 0:00:04]} O-O {[%emt 0:00:26]} 11. Nf1 {[%emt 0:00:12] C08: French Tarrasch: 3...c5 4 exd5 exd5 sidelines} Qc7 {[%emt 0:05:45]} (11... Re8 12. Be3 Qd7 13. c3 a5 14. Bd4 Rac8 15. Ne3 Nfe4 16. Ne5 Qd8 17. Qh5 g6 18. Qf3 f5 19. Nxf5 gxf5 20. Qxf5 {½-½ (91) Rublevsky,S (2683)-Savchenko,B (2585) Sochi 2017}) 12. Be3 {[%emt 0:00:16]} Rfe8 {[%emt 0:06:50]} 13. c3 {[%emt 0:00:13]} Rad8 {[%emt 0:01:46]} 14. Qc2 {[%emt 0:00:32] [#]} a6 $146 {[%emt 0:04:35]} ({Predecessor:} 14... Nce4 15. Bd4 Bd6 16. Ne3 Bf4 17. g3 Bxe3 18. Rxe3 Re6 {½-½ (61) Kobalia,M (2505)-Dolmatov,S (2575) St Petersburg 1998}) 15. a4 {[%emt 0:01:49]} Nce4 {[%emt 0:07:57]} 16. Bd4 {[%emt 0:02:03]} Bc5 {[%emt 0:03:51]} 17. Ne3 {[%emt 0:01:46]} Bxd4 {[%emt 0:08:45]} 18. Nxd4 {[%emt 0:00:10]} g6 {[%emt 0:01:39]} 19. Rad1 {[%emt 0:00:31]} Nd6 {[%emt 0:04:58]} 20. f3 {[%emt 0:11:10]} Nc4 {[%emt 0:01:50]} 21. Nf1 {[%emt 0:00:18]} Rxe1 {[%emt 0:09:21]} 22. Rxe1 {[%emt 0:00:03]} Re8 {[%emt 0:00:15]} 23. Rxe8+ {[%emt 0:01:13]} Nxe8 {[%emt 0:00:04]} 24. b3 {[%emt 0:00:17]} Nb6 {[%emt 0:02:42]} 25. Qd2 {[%emt 0:00:54]} Qe5 {[%emt 0:03:32]} 26. Qe3 {[%emt 0:12:23]} Qxe3+ {[%emt 0:01:21]} 27. Nxe3 {[%emt 0:00:51]} Kf8 {[%emt 0:01:09]} 28. a5 {[%emt 0:00:19]} Nd7 {[%emt 0:05:18]} 29. Nxd5 {[%emt 0:00:06]} f5 {[%emt 0:02:24]} 30. Ne6+ {[%emt 0:16:23]} Kg8 {[%emt 0:01:48]} 31. Kf2 {[%emt 0:16:23]} Nd6 {[%emt 0:09:08]} 32. Ke3 {[%emt 0:02:32]} Kf7 {[%emt 0:04:55]} 33. Ng5+ {[%emt 0:00:26]} Kg7 {[%emt 0:00:10]} 34. b4 {[%emt 0:01:26]} h6 {[%emt 0:00:36]} 35. Ne6+ {[%emt 0:00:06]} Kf7 {[%emt 0:00:05]} 36. Nec7 {[%emt 0:00:26]} Ne8 {[%emt 0:02:15]} (36... g5 {was worth a try.} 37. f4 Nb8) 37. Nxe8 {[%emt 0:00:23]} Kxe8 {[%emt 0:00:00]} 38. Kd4 {[%emt 0:00:10]} Kf7 {[%emt 0:00:48]} 39. c4 {[%emt 0:01:09]} Ke6 {[%emt 0:00:36]} 40. Nf4+ {[%emt 0:00:58]} Kf6 $18 {[%emt 0:00:14]} 41. Kd5 {[%emt 0:00:44]} g5 {[%emt 0:00:06]} 42. Nd3 {[%emt 0:00:12]} Ke7 {[%emt 0:00:41]} 43. Nc5 {[%emt 0:00:26]} 1-0

[Event "Botvinnik Cup 2018"]
[Site "Moscow"]
[Date "2018.08.14"]
[Round "7"]
[White "Skatchkov, Valery"]
[Black "Komliakov, Viktor"]
[Result "0-1"]
[WhiteElo "2305"]
[BlackElo "2366"]
[Annotator "NA"]
[PlyCount "50"]
[EventDate "2018.08.10"]
[EventCountry "RUS"]
[SourceTitle "playchess.com"]
[Source "ChessBase"]
[SourceQuality "1"]
[TimeControl "5400+30"]

1. d4 {[%emt 0:00:00]} d6 {[%emt 0:00:56]} 2. e4 {[%emt 0:00:00]} Nf6 {[%emt 0:00:11]} 3. Nc3 {[%emt 0:00:00]} c6 {[%emt 0:00:29]} 4. Nf3 {[%emt 0:07:24]} Bg4 {[%emt 0:00:23]} 5. h3 {[%emt 0:00:26]} Bh5 {[%emt 0:00:10]} 6. Bd3 {[%emt 0:06:15]} e6 {[%emt 0:00:12]} 7. Bf4 {[%emt 0:04:29] B07: Pirc Defence: Miscellaneous Systems} (7. g4 Bg6 8. g5 Nfd7 9. Nh4 d5 10. Nxg6 hxg6 11. Qg4 Qb6 12. Ne2 Na6 13. c3 dxe4 14. Bxe4 Nc7 {½-½ (54) Leko,P (2732)-Mamedyarov,S (2764) Tashkent 2012 CBM 152 [Mekhitarian,K]}) 7... d5 {[%emt 0:03:41]} 8. e5 {[%emt 0:00:53]} Nfd7 {[%emt 0:01:36]} 9. g4 {[%emt 0:00:39]} Bg6 {[%emt 0:00:06]} 10. h4 {[%emt 0:01:59]} a6 $146 {[%emt 0:08:45]} ({Predecessor:} 10... c5 11. h5 Bxd3 12. Qxd3 Nc6 13. O-O-O cxd4 14. Nxd4 {0-1 (35) Ghatti,S (2154)-Ivanov,A (2515) Asheville 2016}) 11. a3 {[%emt 0:02:49]} c5 {[%emt 0:03:16]} 12. dxc5 {[%emt 0:03:39]} Bxc5 {[%emt 0:08:34]} 13. b4 {[%emt 0:00:02]} Be7 {[%emt 0:01:03]} 14. Bxg6 {[%emt 0:01:47]} hxg6 {[%emt 0:00:04]} 15. h5 {[%emt 0:00:07]} Nc6 {[%emt 0:01:06]} 16. Qd2 {[%emt 0:03:44]} Nb6 {[%emt 0:01:11]} 17. Kf1 {[%emt 0:01:55]} Rc8 {[%emt 0:02:53]} 18. Kg2 {[%emt 0:00:43]} gxh5 {[%emt 0:00:45]} 19. b5 {[%emt 0:02:22]} Na5 {[%emt 0:00:05]} 20. bxa6 {[%emt 0:01:10]} bxa6 {[%emt 0:00:01]} 21. Qd3 {[%emt 0:00:12]} Nbc4 {[%emt 0:01:06]} 22. gxh5 {[%emt 0:00:34]} Qc7 {[%emt 0:06:52]} 23. Ne2 {[%emt 0:00:57]} Nb7 $17 {[%emt 0:00:54]} 24. Ng3 {[%emt 0:00:55]} Nc5 {[%emt 0:00:53]} 25. Nd4 {[%emt 0:00:25]} Nxd3 {[%emt 0:00:33]} 0-1

[Event "Botvinnik Cup 2018"]
[Site "Moscow"]
[Date "2018.08.14"]
[Round "7"]
[White "Kirillov, Dmitry"]
[Black "Komliakov, Viktor"]
[Result "0-1"]
[WhiteElo "2209"]
[BlackElo "2366"]
[Annotator "NA"]
[PlyCount "64"]
[EventDate "2018.08.10"]
[EventCountry "RUS"]
[SourceTitle "playchess.com"]
[Source "ChessBase"]
[SourceQuality "1"]
[TimeControl "5400+30"]

1. e4 {[%emt 0:00:00]} g6 {[%emt 0:00:06]} 2. d4 {[%emt 0:00:00]} Bg7 {[%emt 0:00:24]} 3. Nc3 {[%emt 0:00:24]} c6 {[%emt 0:00:36]} 4. Be3 {[%emt 0:01:10]} d5 {[%emt 0:00:07]} 5. e5 {[%emt 0:00:06]} f6 {[%emt 0:00:10]} 6. f4 {[%emt 0:01:03]} Nh6 {[%emt 0:00:06]} 7. Nf3 {[%emt 0:00:59]} Bg4 {[%emt 0:00:07]} 8. h3 {[%emt 0:01:01]} Bxf3 {[%emt 0:00:06]} 9. Qxf3 {[%emt 0:00:04]} O-O {[%emt 0:00:09]} 10. Qe2 {[%emt 0:04:30] B15: Caro-Kann: 3 Nc3: 3...g6 and 3...dxe4 4 Nxe4 Nf6 5 Nxf6+ exf6} Nf5 {[%emt 0:01:44]} (10... fxe5 11. dxe5 e6 12. O-O-O Nd7 13. h4 c5 14. Nb5 Nf5 15. Bf2 a6 16. Nc3 b5 17. g3 Qc7 {1-0 (51) Hracek,Z (2612)-Hamitevici,V (2487) Minsk 2017}) 11. Bf2 {[%emt 0:00:50]} fxe5 {[%emt 0:00:05]} 12. dxe5 {[%emt 0:01:34]} e6 {[%emt 0:00:14]} 13. O-O-O {[%emt 0:04:14]} Nd7 {[%emt 0:05:32]} 14. h4 {[%emt 0:01:33]} c5 $146 {[%emt 0:37:50]} ({Predecessor:} 14... Bh6 15. g3 b5 16. h5 g5 17. Qg4 Kh8 {½-½ (63) Fussnecker,M (1999)-Benninger,R (2154) Frankfurt 2011}) 15. h5 {[%emt 0:01:51]} g5 {[%emt 0:00:29]} 16. Nxd5 {[%emt 0:28:40]} exd5 {[%emt 0:00:32]} 17. Rxd5 {[%emt 0:00:07]} gxf4 {[%emt 0:11:07]} 18. e6 {[%emt 0:02:24]} Qf6 {[%emt 0:01:40]} 19. exd7 $2 {[%emt 0:09:41]} (19. c3 Nb6 20. Rxc5) 19... Qxb2+ {[%emt 0:00:08]} 20. Kd2 {[%emt 0:01:41]} Qc3+ {[%emt 0:09:25]} 21. Kd1 {[%emt 0:00:38]} Ne3+ {[%emt 0:00:42]} 22. Bxe3 {[%emt 0:00:04]} fxe3 {[%emt 0:00:01]} 23. Qc4 {[%emt 0:00:19]} Qa1+ {[%emt 0:04:53]} 24. Ke2 {[%emt 0:00:04]} Kh8 {[%emt 0:00:45]} 25. Qh4 {[%emt 0:05:02]} Qxa2 {[%emt 0:06:33]} 26. h6 {[%emt 0:05:02]} Qxc2+ {[%emt 0:02:17]} 27. Kxe3 {[%emt 0:00:06]} Qc1+ {[%emt 0:01:01]} 28. Ke2 {[%emt 0:02:55]} Bf6 $19 {[%emt 0:08:37]} 29. Qxf6+ {[%emt 0:04:50]} Rxf6 {[%emt 0:00:07]} 30. d8=Q+ {[%emt 0:00:03]} Rf8 {[%emt 0:00:02]} 31. Qd6 {[%emt 0:00:39]} Rae8+ {[%emt 0:00:32]} 32. Re5 {[%emt 0:00:06]} Qb2+ {[%emt 0:00:11]} 0-1

[Event "Botvinnik Cup 2018"]
[Site "Moscow"]
[Date "2018.08.14"]
[Round "7"]
[White "Atakishiyev, Elmar"]
[Black "Khusnutdinov, Rustam"]
[Result "1-0"]
[WhiteElo "2198"]
[BlackElo "2470"]
[Annotator "TA"]
[PlyCount "134"]
[EventDate "2018.08.10"]
[EventCountry "RUS"]
[SourceTitle "playchess.com"]
[Source "ChessBase"]
[SourceQuality "1"]

{[%evp 16,134,26,-7,17,15,22,17,14,26,15,0,0,0,0,0,0,0,0,0,53,8,55,47,91,82,98,91,99,92,101,63,69,36,45,43,51,43,45,31,16,27,20,20,56,60,58,57,52,54,320,300,233,253,438,426,431,411,409,428,412,411,376,332,347,309,295,281,296,271,306,290,393,394,425,420,400,339,310,292,284,274,273,252,275,278,423,362,584,585,581,575,560,422,422,422,415,415,415,408,393,372,331,324,29978,29979,29979,29980,29980,29981,29981,29980,29980,29981,29981,29982,29982,29983,29985,29986,29986]} 1. e4 c6 2. d4 d5 3. exd5 cxd5 4. c4 Nf6 5. Nc3 g6 6. Qb3 Bg7 7. cxd5 O-O 8. g3 e6 9. Bg2 {LiveBook: 3 Games. B14: Caro-Kann: Panov-Botvinnik Attack with 5...e6 and 5...g6} (9. dxe6 Bxe6 10. Qxb7 Nbd7 11. Bg2 Rb8 12. Qxa7 Re8 13. Nge2 Bg4 14. h3 Bxe2 15. Nxe2 Qe7 16. Qa6 Qb4+ {1-0 (47) Sulskis,S (2550)-Kjartansson,G (2404) Hastings 2013}) 9... exd5 10. Nge2 Nc6 11. O-O {The position is equal.} Na5 12. Qd1 h6 13. Nf4 $146 ({Predecessor:} 13. h3 g5 14. g4 Re8 15. f4 Ne4 16. Nxe4 dxe4 17. fxg5 hxg5 {1-0 (63) Esserman,M (2295)-Aldama Degurnay,D (2141) Miami 2008}) 13... Bg4 14. Qa4 {[%cal Rf4d5]} Bd7 15. Qd1 Bg4 16. Qa4 {[%cal Rf4d5]} Bd7 17. Qd1 Bc6 (17... Bg4 $11 18. Qa4) 18. Re1 a6 19. b3 Qd6 20. Be3 Rad8 21. Rc1 Rfe8 22. h3 Kh7 23. Qd2 b6 24. Qd3 Bb7 25. h4 Kg8 26. Rcd1 Re7 27. Nfe2 Rde8 28. Bf4 $36 {[%mdl 2048] Black is under pressure.} Qd8 29. Be5 Ng4 30. Bxg7 Kxg7 31. Qd2 Nf6 32. Nf4 Ne4 $2 {[%mdl 8192] [#]} (32... Rd7 $14) 33. Nxe4 dxe4 34. d5 Qd6 $2 (34... Kg8 {was worth a try.} 35. Qd4 b5 36. Rxe4 Rxe4 37. Bxe4 Qd6) 35. Qd4+ $18 Qf6 36. b4 Qxd4 37. Rxd4 g5 38. hxg5 ({Weaker is} 38. bxa5 gxf4 39. Rdxe4 (39. axb6 f5 $18) 39... Rxe4 $18) 38... hxg5 39. Nh3 (39. bxa5 gxf4 40. Rdxe4 (40. axb6 f5 $16) 40... Rxe4 $18) 39... Nc4 40. Rxc4 Bxd5 41. Rd4 e3 42. fxe3 ({Not} 42. Rxd5 exf2+ 43. Kxf2 Rxe1 $16) 42... Bxa2 43. e4 g4 44. Nf4 Rc8 45. Rd6 a5 46. bxa5 bxa5 47. Ra6 Re5 48. Ra1 Rc2 49. Bf1 Rec5 50. Ra7 R5c3 (50... Re5 $142 51. Be2 Rd2 52. Bxg4 Rxe4 53. Rxa5 Bb3 54. Rg5+ Kf6) 51. Ne2 Rc5 $2 (51... Rd3 52. Kh1 Kf8 53. Rxa5 Be6) 52. Nd4 Rd2 {[#]} 53. Rxa2 $1 Rxd4 (53... Rxa2 54. Ne6+) 54. R7xa5 Rxa5 55. Rxa5 Rxe4 {[%mdl 4096] Endgame KRB-KR} 56. Kf2 Kf6 57. Bd3 Rb4 58. Rf5+ Ke6 59. Rf4 Rxf4+ $2 (59... Rb2+ $18 60. Ke3 Rb3 61. Re4+ Kd6 62. Rxg4 Ra3) 60. gxf4 {KB-KPP. White mates.} f5 61. Kg3 Kf6 62. Kh4 Kg6 63. Bb1 Kf6 64. Bc2 Kg6 65. Bd3 Kf6 66. Kh5 Ke6 67. Kg5 Kd5 {Precision: White = 72%, Black = 46%.} 1-0

[Event "Botvinnik Cup 2018"]
[Site "Moscow"]
[Date "2018.08.14"]
[Round "7"]
[White "Sunnatov, Mirfayz"]
[Black "Atabayev, Maksat"]
[Result "0-1"]
[WhiteElo "1868"]
[BlackElo "2505"]
[Annotator "TA"]
[PlyCount "94"]
[EventDate "2018.08.10"]
[EventCountry "RUS"]
[SourceTitle "playchess.com"]
[Source "ChessBase"]
[SourceQuality "1"]

{[%evp 19,94,4,17,18,19,10,21,22,20,14,25,-2,24,-2,12,24,15,27,170,151,164,171,196,212,199,169,190,60,57,-14,-17,-20,-20,-12,-20,-20,-22,-20,-18,-179,-176,-171,-175,-324,-319,-378,0,-194,0,-386,-386,-385,-386,-385,-377,-539,-539,-539,-545,-574,-519,-579,-575,-645,-644,-631,-612,-599,-580,-744,-725,-1595,-1761,-1551,-1264,-1089,-1020]} 1. d4 Nf6 2. Bg5 e6 3. e4 h6 4. Bxf6 Qxf6 5. c3 d6 6. Nf3 Nd7 7. Nbd2 g6 8. Bd3 {A46: 1 d4 Nf6 2 Nf3 e6: Torre, London and Colle Systems} Bg7 9. O-O O-O 10. Re1 (10. Qe2 e5 11. dxe5 dxe5 12. b4 Nb6 13. a4 a5 14. Nb3 {0-1 (39) Djordjevic,V (2399)-Radovanovic,M (2419) Belgrade 2018}) 10... e5 {LiveBook: 8 Games} 11. Qc2 Qe7 12. Rad1 {[%cal Ba1d1,Bd1d2,Bd2d7][%mdl 32]} Nf6 {[%cal Bd7f6,Bf6h5,Bh5f4][%mdl 32]} 13. Nc4 $146 {[%cal Rd4e5]} ({Predecessor:} 13. dxe5 dxe5 14. Nc4 Nh5 {½-½ (26) Kastner,P (2182)-Niering,M (2194) Germany 2003}) 13... Nh5 14. Ne3 c6 15. Rd2 Nf4 16. Bc4 h5 17. dxe5 dxe5 18. Red1 Bg4 (18... a5 $11) 19. Nxg4 $18 hxg4 20. Rd7 Qc5 {[#]} 21. Bxf7+ $1 {[%mdl 512]} Rxf7 22. Qb3 $1 {[%cal Rb3f7]} ({Not} 22. Ng5 Rxd7 23. Rxd7 Qc4 $17) 22... Raf8 23. Ng5 ({Only move:} 23. Rxf7 $1 $18 {Intending Rdd7 and mate.} Rxf7 24. Rd7) 23... g3 $1 $14 24. Rf1 (24. hxg3 $14 Ne2+ 25. Kh1 Qxf2 26. Rxf7 Rxf7 27. Nxf7 Qxf7 28. Qxf7+ Kxf7 29. Rd7+ Kf6 30. Kh2) 24... gxf2+ $11 25. Kh1 Qb5 26. Qxb5 cxb5 27. Nxf7 Rxf7 28. Rd8+ Rf8 29. Rd7 $2 (29. Rd6 $11 {and White stays safe.}) 29... Ne6 $19 30. Rd2 Nc5 $1 31. Re2 (31. g3 {was worth a try.}) 31... Nd3 32. Rd2 {[#]} Nc5 (32... Rd8 $142 $1 33. Rdd1 Bh6) 33. Re2 $1 Nd3 $2 (33... a6 34. Rfxf2 Rxf2 35. Rxf2 Nxe4) 34. Rd2 {[#]} Rd8 $1 35. g3 Bh6 36. Rdd1 Be3 37. b4 (37. Kg2 $142) 37... g5 {[%cal Bg6g5,Bg5g4][%mdl 32] Black is clearly winning.} 38. h3 Kg7 39. Kh2 Rd6 40. Kh1 Kg6 41. Kh2 {[#]} g4 $1 42. h4 (42. hxg4 Kg5) 42... Kf6 43. Kh1 Ke7 44. Kh2 Ne1 45. Rxd6 Kxd6 46. Kh1 Ke6 47. Kh2 Nf3+ {Precision: White = 36%, Black = 60%.} 0-1

[Event "Botvinnik Cup 2018"]
[Site "Moscow"]
[Date "2018.08.14"]
[Round "7"]
[White "Chiriac, Daniel"]
[Black "Korotylev, Alexey"]
[Result "1/2-1/2"]
[WhiteElo "1841"]
[BlackElo "2573"]
[Annotator "TA"]
[PlyCount "80"]
[EventDate "2018.08.10"]
[EventCountry "RUS"]
[SourceTitle "playchess.com"]
[Source "ChessBase"]
[SourceQuality "1"]

{[%evp 21,80,16,16,0,0,-12,10,-45,-60,-45,-39,-42,-35,-38,-6,-13,0,-8,-5,-8,0,-6,-6,-6,-9,-6,-6,-30,-16,-22,-6,0,0,0,0,0,0,0,0,0,0,0,0,0,0,0,0,-44,-44,-44,-44,-43,-38,-31,-51,-54,-37,-36,-23,-19,-12]} 1. e4 d6 2. d4 Nf6 3. Nc3 g6 4. f4 Bg7 5. Nf3 c5 6. dxc5 Qa5 7. Bd3 Qxc5 8. Qe2 O-O 9. Be3 Qa5 10. O-O Bg4 11. Kh1 {B09: Pirc Defence: Austrian Attack} (11. h3 Bxf3 12. Qxf3 Nc6 13. a3 Rac8 14. Kh1 Nd7 15. Bd2 Qd8 16. Rad1 Nc5 17. Qf2 Qb6 18. Rb1 Nxd3 19. cxd3 Qxf2 20. Rxf2 f5 21. g3 {½-½ (46) Inarkiev,E (2689)-Duda,J (2717) Riadh 2017}) 11... Nc6 {LiveBook: 29 Games} 12. Qd2 Bxf3 13. Rxf3 $146 ({Predecessor:} 13. gxf3 Rfd8 14. Qg2 d5 15. Bd2 Nb4 16. Nb5 dxe4 17. fxe4 Rxd3 18. cxd3 Qxb5 19. Bxb4 Qxb4 {0-1 (31) Byrne,R (2465)-Chernin,A (2580) Philadelphia 1989}) 13... Nd7 14. Nd5 (14. Rff1 $11) 14... Qxd2 $15 15. Bxd2 Nc5 16. Bc3 Bxc3 17. Nxc3 Rac8 18. Rd1 a6 19. a3 Nxd3 20. Rfxd3 Rfe8 21. Nd5 Na5 22. c3 Nc4 23. Rb1 $1 Kg7 24. Ne3 b5 25. Kg1 Nb6 26. Kf2 Rc5 27. Kf3 Rec8 28. Nd5 Nxd5 29. Rxd5 $11 {[%mdl 4096] Endgame KRR-KRR} f5 30. Rbd1 Kf6 31. Rxc5 Rxc5 {KR-KR} 32. Rd4 fxe4+ 33. Kxe4 g5 34. g3 gxf4 35. gxf4 Rh5 36. Rd2 Rh4 37. Kf3 Kf5 38. Rd5+ Ke6 39. Rd2 Kf6 40. Kg3 Rh5 {Precision: White = 61%, Black = 60%.} 1/2-1/2